00630pab a2200193 454500008004000000100002400040245011300064260000900177300001400186362000800200650001800208650001500226700001500241700001600256773003300272909001000305999001700315952010400332180718b2004 xxu||||| |||| 00| 0 eng d aTubergen, Frank Van aThe economic incorporation of immigrants in 18 western societies: origin, destination, and community effects c2004 ap.704-27. aOct aLabour market aImmigrants aFlap, Henk aMaas, Ineke aAmerican Sociological Review a63883 c63883d63883 00104070aIIPAbIIPAd2018-07-19hVolume no: 69, Issue no: 5pAR64335r2018-07-19w2018-07-19yAR